000
00238nam a22001097a 4500
008
170118b xxu||||| |||| 00| 0 eng d
020
_a
9780803611320
041
_a
eng
080
_a
618.2
245
_a
LPN NOTES
_c
MYERS, E
942
_2
udc
_c
BK
999
_c
3142
_d
3142